000 00834cab a2200253 4500
001 WB3044-43
008 090401t1994 xxu||||| |||| 00| 0 eng d
035 _a(Sirsi) u10371
041 _aeng
245 _aSuperhighway
260 _c1994
350 _a0
490 _aDaily Telegraph
_v24 November 1994, 8(2)
520 _aBritish companies will lose out to US cable firms providing services on the `information superhighway` because of government policy according to the Chairman of the Trade and Industry Select Committee.
650 _aCABLING
650 _aGOVERNMENT POLICY
650 _aINTERNET
650 _aSELECT COMMITTEE
650 _aSUPERHIGHWAYS
650 _aTRADE AND INDUSTRY SELECT COMMITTEE
690 _aMANAGEMENT-BUSINESS MANAGEMENT-INFORMATION MANAGEMENT
942 _n0
948 _c04/03/1997
999 _c6533
_d6533